Economics of development and planning (Record no. 75715)
[ view plain ]
| 000 -LEADER | |
|---|---|
| fixed length control field | 01248nam a2200229 a 4500 |
| 008 - FIXED-LENGTH DATA ELEMENTS--GENERAL INFORMATION | |
| fixed length control field | 120416s1989 ||||||||||||||||| || u |
| 020 ## - INTERNATIONAL STANDARD BOOK NUMBER | |
| International Standard Book Number | 0706966090 |
| 050 ## - LIBRARY OF CONGRESS CALL NUMBER | |
| Classification number | HD 82 Agr |
| 100 ## - MAIN ENTRY--PERSONAL NAME | |
| Personal name | Agrawal, A.N |
| 245 10 - TITLE STATEMENT | |
| Title | Economics of development and planning |
| 260 ## - PUBLICATION, DISTRIBUTION, ETC. | |
| Place of publication, distribution, etc. | New Delhi |
| Name of publisher, distributor, etc. | Vikas Publishing House |
| Date of publication, distribution, etc. | 1989 |
| 300 ## - PHYSICAL DESCRIPTION | |
| Extent | xi,484p. : ill. |
| 350 ## - | |
| -- | 0.00 |
| 650 #0 - SUBJECT ADDED ENTRY--TOPICAL TERM | |
| Topical term or geographic name entry element | ECONOMIC DEVELOPMENT--AFRICA, SUB-SAHARAN |
| 650 #0 - SUBJECT ADDED ENTRY--TOPICAL TERM | |
| Topical term or geographic name entry element | MANAGEMENT |
| 650 ## - SUBJECT ADDED ENTRY--TOPICAL TERM | |
| Topical term or geographic name entry element | ECONOMIC PLANNING |
| 995 ## - | |
| -- | MAIN LIBRARY OPEN ACCESS |
| -- | 0.00 |
| -- | 724338 |
| -- | CBU-MAIN LIBRARY (Kitwe) |
| -- | 1 |
| -- | 85.00 |
| -- | HD 82 Agr |
| -- | 3 |
| -- | LOST |
| -- | 724338 |
| -- | Main Library Open Access Collection |
| 995 ## - | |
| -- | TEXTBOOKS (SB) |
| -- | 0.00 |
| -- | 01406 |
| -- | CBU-SCHOOL TEXTBOOK COLLECTIONS |
| -- | 1 |
| -- | 0.00 |
| -- | SCHOOL TEXTBOOK |
| -- | 4 |
| -- | AVAILABLE |
| -- | Sep 23, 2009 |
| -- | 01406 |
| -- | School Collections |
| 995 ## - | |
| -- | TEXTBOOKS (SB) |
| -- | 0.00 |
| -- | 01407 |
| -- | CBU-SCHOOL TEXTBOOK COLLECTIONS |
| -- | 1 |
| -- | 0.00 |
| -- | SCHOOL TEXTBOOK |
| -- | 5 |
| -- | AVAILABLE |
| -- | Sep 23, 2009 |
| -- | 01407 |
| -- | School Collections |
| 995 ## - | |
| -- | BINDERY (DAMAGED) |
| -- | 0.00 |
| -- | 724337 |
| -- | CBU-MAIN LIBRARY (Kitwe) |
| -- | 3 |
| -- | 85.00 |
| -- | HD 82 Agr |
| -- | 1 |
| -- | DAMAGED |
| -- | 003981 |
| -- | Main Library Open Access Collection |
| 995 ## - | |
| -- | BINDERY (DAMAGED) |
| -- | 0.00 |
| -- | 724339 |
| -- | CBU-MAIN LIBRARY (Kitwe) |
| -- | 2 |
| -- | 85.00 |
| -- | HD 82 Agr |
| -- | 2 |
| -- | DAMAGED |
| -- | 003982 |
| -- | Main Library Open Access Collection |
| 999 ## - | |
| -- | 75715 |
| -- | 75715 |
| Withdrawn status | Lost status | Source of classification or shelving scheme | Damaged status | Not for loan | Permanent Location | Current Location | Shelving location | Date acquired | Total Checkouts | Full call number | Barcode | Date last seen | Copy number | Price effective from | Koha item type |
|---|---|---|---|---|---|---|---|---|---|---|---|---|---|---|---|
| CBU-MAIN LIBRARY, KITWE. | CBU-MAIN LIBRARY, KITWE. | 04/24/2023 | HD 82 Agr | 724338 | 04/24/2023 | 1 | 04/24/2023 | MONOGRAPH | |||||||
| CBU-MAIN LIBRARY, KITWE. | CBU-MAIN LIBRARY, KITWE. | 04/24/2023 | HD 82 Agr | 003981 | 04/24/2023 | 4 | 04/24/2023 | MONOGRAPH | |||||||
| CBU-MAIN LIBRARY, KITWE. | CBU-MAIN LIBRARY, KITWE. | 04/24/2023 | HD 82 Agr | 003982 | 04/24/2023 | 5 | 04/24/2023 | MONOGRAPH | |||||||
| CBU-SCHOOL TEXT BOOK COLLECTION | CBU-SCHOOL TEXT BOOK COLLECTION | 04/24/2023 | SCHOOL TEXTBOOK | 01406 | 04/24/2023 | 2 | 04/24/2023 | MONOGRAPH | |||||||
| CBU-SCHOOL TEXT BOOK COLLECTION | CBU-SCHOOL TEXT BOOK COLLECTION | 04/24/2023 | SCHOOL TEXTBOOK | 01407 | 04/24/2023 | 3 | 04/24/2023 | MONOGRAPH |